Cezzar Ahmed Paşa ve Akka savunması (Record no. 10254)

000 -LEADER
fixed length control field 00930nmm a2200277 a 4500
001 - CONTROL NUMBER
control field ocm000940627
003 - CONTROL NUMBER IDENTIFIER
control field TR-IsHL
005 - DATE AND TIME OF LATEST TRANSACTION
control field 20201028150025.0
008 - FIXED-LENGTH DATA ELEMENTS--GENERAL INFORMATION
fixed length control field 150129s2013 tu tur
007 - PHYSICAL DESCRIPTION FIXED FIELD--GENERAL INFORMATION
fixed length control field cr cn
020 ## - INTERNATIONAL STANDARD BOOK NUMBER
International Standard Book Number 9786055331924
035 ## - SYSTEM CONTROL NUMBER
System control number 940627
-- (N$T)
050 04 - LIBRARY OF CONGRESS CALL NUMBER
Classification number DT97
Item number .G85 2013
090 04 - LOCALLY ASSIGNED LC-TYPE CALL NUMBER (OCLC); LOCAL CALL NUMBER (RLIN)
Classification number (OCLC) (R) ; Classification number, CALL (RLIN) (NR) DT97
Local cutter number (OCLC) ; Book number/undivided call number, CALL (RLIN) .G85 2013
100 1# - MAIN ENTRY--PERSONAL NAME
Personal name Güler, Mustafa
245 10 - TITLE STATEMENT
Title Cezzar Ahmed Paşa ve Akka savunması
Medium [electronic resource] /
Statement of responsibility, etc. Mustafa Güler
260 ## - PUBLICATION, DISTRIBUTION, ETC.
Place of publication, distribution, etc. İstanbul :
Name of publisher, distributor, etc. Çamlıca Basım Yayın,
Date of publication, distribution, etc. 2013
300 ## - PHYSICAL DESCRIPTION
Extent 297 p.
650 #4 - SUBJECT ADDED ENTRY--TOPICAL TERM
Topical term or geographic name entry element Tarih
650 #4 - SUBJECT ADDED ENTRY--TOPICAL TERM
Topical term or geographic name entry element History
650 #0 - SUBJECT ADDED ENTRY--TOPICAL TERM
Topical term or geographic name entry element Cezzar Ahmed Paşa, Biyografi
650 #0 - SUBJECT ADDED ENTRY--TOPICAL TERM
Topical term or geographic name entry element Mısır
General subdivision Siyaset ve yönetim
-- 640-1882
650 #0 - SUBJECT ADDED ENTRY--TOPICAL TERM
Topical term or geographic name entry element Egypt
General subdivision Politics and government
-- 640-1882
650 #7 - SUBJECT ADDED ENTRY--TOPICAL TERM
Topical term or geographic name entry element HISTORY / Middle East / Turkey & Ottoman Empire
Source of heading or term bisacsh
856 40 - ELECTRONIC LOCATION AND ACCESS
Uniform Resource Identifier <a href="http://search.ebscohost.com/login.aspx?direct=true&scope=site&db=e011xww&AN=940627">http://search.ebscohost.com/login.aspx?direct=true&scope=site&db=e011xww&AN=940627</a>
Holdings
Withdrawn status Lost status Source of classification or shelving scheme Damaged status Not for loan Collection code Permanent Location Current Location Date acquired Total Checkouts Full call number Barcode Date last seen Price effective from Koha item type
        Online   Kıbrıs Amerikan Üniversitesi Kütüphanesi / American University of Cyprus Kıbrıs Amerikan Üniversitesi Kütüphanesi / American University of Cyprus 28.10.2020   DT97 .G85 2013 940627 28.10.2020 28.10.2020 E-Kitap
Devinim Yazılım Eğitim Danışmanlık tarafından Koha'nın orjinal sürümü uyarlanarak geliştirilip kurulmuştur.